00929nam a2200133 a 450000100100000000500170001000800410002704000250006810000460009324505610013926000500070030000180075050000270076800003376320200930070512.0110908s1750 es 000 0 spa d aDO-SdBNPbspacBNPHU1 aCastillo de Bobadilla, Jerónimo,d1547-10aPolítica para corregidores y señores de vassallos, en tiempo de paz, y de guerra y para juezes eclesiasticos y seglares, y de sacas, aduanas, y de residencias y sus oficiales : y sus regidores, y abogados, y del valor de los corregimintos, y gobiernos realengos, y de las ordenes /cautor el Licenciado Castillo de Bovadilla. ..Está añadida y enmendada por el autor y los índices mejorados y en esta ultima impressión diligentemente corregida de muchas faltas que avian en las otras impresiones y expurgada segun el expurgatorio del año 1640. aEmberes :bEn casa de I. B. Verdussen,c1750. a2 v. ;c38 p. aTextos en dos columnas